<?xml version="1.0" encoding="UTF-8"?>
<collection xmlns="http://www.loc.gov/MARC21/slim">
 <record>
  <leader>00998naa a2200217 i 4500</leader>
  <controlfield tag="001">acta84508</controlfield>
  <controlfield tag="005">20240314082815.0</controlfield>
  <controlfield tag="008">240314s2023    hu      o     1||   hun d</controlfield>
  <datafield tag="020" ind1=" " ind2=" ">
   <subfield code="a">978-963-306-945-5</subfield>
  </datafield>
  <datafield tag="040" ind1=" " ind2=" ">
   <subfield code="a">SZTE Egyetemi Kiadványok Repozitórium</subfield>
   <subfield code="b">hun</subfield>
  </datafield>
  <datafield tag="041" ind1=" " ind2=" ">
   <subfield code="a">hun</subfield>
  </datafield>
  <datafield tag="100" ind1="1" ind2=" ">
   <subfield code="a">Dán Petra</subfield>
  </datafield>
  <datafield tag="245" ind1="1" ind2="2">
   <subfield code="a">A mormon feminizmus</subfield>
   <subfield code="h">[elektronikus dokumentum] /</subfield>
   <subfield code="c"> Dán Petra</subfield>
  </datafield>
  <datafield tag="260" ind1=" " ind2=" ">
   <subfield code="a">Szegedi Tudományegyetem Bölcsészet- és Társadalomtudományi Kar Vallástudományi Tanszék</subfield>
   <subfield code="b">Szeged</subfield>
   <subfield code="c">2023</subfield>
  </datafield>
  <datafield tag="300" ind1=" " ind2=" ">
   <subfield code="a">37-54</subfield>
  </datafield>
  <datafield tag="490" ind1="0" ind2=" ">
   <subfield code="a">Interdiszciplináris vallástudományi hallgatói konferencia : tanulmánykötet</subfield>
   <subfield code="v">4</subfield>
  </datafield>
  <datafield tag="650" ind1=" " ind2="4">
   <subfield code="a">Bölcsészettudományok</subfield>
  </datafield>
  <datafield tag="650" ind1=" " ind2="4">
   <subfield code="a">Filozófia, etika és vallástudományok</subfield>
  </datafield>
  <datafield tag="695" ind1=" " ind2=" ">
   <subfield code="a">Mormon vallás - nők, Feminizmus</subfield>
  </datafield>
  <datafield tag="711" ind1=" " ind2=" ">
   <subfield code="a">IV. Interdiszciplináris Vallástudományi Hallgatói Konferencia</subfield>
   <subfield code="c">Szeged</subfield>
   <subfield code="d">2022. április 22-23.</subfield>
  </datafield>
  <datafield tag="856" ind1="4" ind2="0">
   <subfield code="u">http://acta.bibl.u-szeged.hu/84508/1/2022_iv_interdiszciplinaris_vallastudomanyi_konf_tan_037-054.pdf</subfield>
   <subfield code="z">Dokumentum-elérés </subfield>
  </datafield>
 </record>
</collection>
